The analysis of linear partial differential operators /

Guardado en:
Autor Principal: Hörmander, Lars.
Formato: Libro
Idioma:English
Publicado: Berlin : Springer-Verlag, 1983-1985.
Series:Grundlehren der mathematischen Wissenschaften ; 256-257, 274-275
Grundlehren der mathematischen Wissenschaften ; 256, etc.
Materias:
Etiquetas: Agregar Etiqueta
Sin Etiquetas, Sea el primero en etiquetar este registro!
LEADER 01695cam a2200361 a 4500
001 MAT.inmabb002837
008 830307m19831985gw#######b####001#0#eng##
005 20130306164311.0
245 1 4 |a The analysis of linear partial differential operators /  |c Lars Hörmander. 
260 |a Berlin :  |b Springer-Verlag,  |c 1983-1985. 
300 |a 4 v. ;  |c 24 cm. 
440 0 |a Grundlehren der mathematischen Wissenschaften ;  |v 256-257, 274-275 
500 |a Los vols. 1 y 2 son una versión expandida de la obra en 1 vol. del autor: Linear partial differential operators (1963). 
504 |a Incluye referencias bibliográficas e índices. 
505 0 |a v. 1. Distribution theory and Fourier analysis -- v. 2. Differential operators with constant coefficients -- v. 3. Pseudo-differential operators -- v. 4. Fourier integral operators. 
510 4 |a MR,  |c 85g:35002a  |3 (v. 1 y 2) 
510 4 |a MR,  |c 87d:35002a  |3 (v. 3 y 4) 
020 |a 3540121048 (v. 1) 
020 |a 3540121390 (v. 2) 
020 |a 3540138285 (v. 3) 
020 |a 3540138293 (v. 4) 
100 1 |a Hörmander, Lars. 
700 1 |a Hörmander, Lars.  |t Linear partial differential operators.  |4 ant 
830 0 |a Grundlehren der mathematischen Wissenschaften ;  |v 256, etc. 
650 0 |a Differential equations, Partial. 
650 0 |a Partial differential operators. 
084 |a 35-02 (42B10 46Fxx 35Exx 35Sxx 47G 58J40)  |2 msc2000 
010 |a  83000616   |z  89026134  
040 |a DLC  |c DLC  |d DLC 
859 |h 35  |i H812a  |p A-5376  |v 1  |3 Vol. I  |b BIB. MATEMATICA 
859 |h 35  |i H812a  |p A-5377  |v 2  |3 Vol. II  |b BIB. MATEMATICA 
859 |h 35  |i H812a  |p A-5782  |v 3  |3 Vol. III  |b BIB. MATEMATICA 
859 |h 35  |i H812a  |p A-5783  |v 4  |3 Vol. IV  |b BIB. MATEMATICA